| 000 | 01288nam a2200337 i 4500 | ||
|---|---|---|---|
| 001 | 000042776 | ||
| 003 | DO-SdBPM | ||
| 005 | 20260323092508.0 | ||
| 007 | ta | ||
| 008 | 140207s2012 cl 000 j spa d | ||
| 020 | _a9789562943277 | ||
| 040 |
_aDO-SdBPM _bspa _cBPMSU _erda |
||
| 082 | 0 | 4 |
_aRD863.44 _bB742m 2012 _222 |
| 100 | 1 |
_aBosch, Juan, _d1909-2001 _eautor _4aut. _91 |
|
| 245 | 1 | 3 |
_aLa mancha indeleble : _bcuentos selectos / _cJuan Bosch. |
| 264 |
_aSantiago de Chile : _bMN Editorial : _bFundación Juan Bosch, _c2012. |
||
| 300 |
_a174 páginas ; _c21 cm. |
||
| 336 |
_2rdacontent _atexto _btxt |
||
| 337 |
_2rdamedia _asin mediación _bn |
||
| 338 |
_2rdacarrier _avolumen _bnc |
||
| 490 | 0 | _aAlamar | |
| 500 | _aIncluye datos biográficos del autor en la solapa de la cubierta | ||
| 505 | 4 |
_aLa mancha indeleble -- _tLa mujer -- _tCapitán -- _tEn un bohío -- _tLos amod -- _tEl algarrobo -- _tLos ventadores -- _tGuaraguaos -- _tEl río y su enemigo _tEl difunto esta vivo -- _tMaravilla -- _tDos pesos de agua. |
|
| 505 | 0 | _aInventariado, 2026/VM | |
| 590 | _aInventariado, 2019 /MV | ||
| 650 | 7 |
_aCuentos dominicanos _xColecciones |
|
| 650 | 7 | _aLiteratura dominicana. | |
| 650 | z | _aDominican literature | |
| 910 | _aVMateo V. Control de calidad BPMSU | ||
| 942 |
_2ddc _cBK |
||
| 999 |
_c15758 _d15758 |
||